| 000 | 01536nam a22002537a 4500 | ||
|---|---|---|---|
| 001 | 6137 | ||
| 003 | FISKH | ||
| 005 | 20250318114019.0 | ||
| 008 | 250318b cb ||||| |||| 00| 0 eng d | ||
| 020 | _a9781408344842 | ||
| 040 |
_aFISKH _beng _cFISKH _dFISKH |
||
| 050 | _aPZ7 | ||
| 082 | _a823.92 | ||
| 100 | _aMeres, Jonathan | ||
| 245 |
_aMay be recycled / _cBy Jonathan Meres |
||
| 250 | _aFirst published in Great Briatain in 2016 | ||
| 260 |
_aLondon : _bOrchard Books ; _c2016. |
||
| 300 |
_a248 pages : _billustrations ; _c20 cm . |
||
| 490 |
_aThe world of Norm _vBook 11 |
||
| 520 | _aThe eleventh hilarious title in the award-winning, laugh-out-loud series, The World of Norm. Perfect for fans of Tom Gates and Diary of a Wimpy Kid. Norm knew it was going to be one of those days when he woke up and nothing happened ... Home alone and the fridge to himself? What could possibly go wrong? Well, apart from the snails. And having to hang his mum's pants out to dry. And the dreaded perfect cousins paying a visit. And worst of all, the entire family going vege-flipping-tarian! But apart from that, what could possibly go wrong? You'd think Norm would know better by now, wouldn't you? ABSO-FLIPPING-LUTELY! With brilliantly funny illustrations throughout from Donough O'Malley. Praise for Jonathan Meres: 'Hilarious stuff from one of my comic heroes!' - Harry Hill 'Jonathan Meres is flipping funny!' - Eddie Izzard show less | ||
| 700 |
_aO'Malley, Donough _eillustrator |
||
| 942 |
_2ddc _cBK _n0 |
||
| 999 |
_c6137 _d6137 |
||